000 00502nam a2200181 a 4500
001 9068
003 CO-ViMGA
008 141112s2004 ck r 000 u spa d
040 _aCO-ViMGA
_bspa
_cCO-ViMGA
082 0 4 _a340.1 R64f
100 1 _aROJAS GONZALEZ, GERMAN
_954297
245 1 0 _aFILOSOFIA DEL DERECHO
260 _aBogotá,
_cEDICIONES LIBRERIA DEL PROFESIONAL,
_c1981
300 _a154 p. 23 cm
650 1 4 _aDERECHO NATURAL
_99365
650 1 4 _aFILOSOFIA DEL DERECHO
_99366
942 _2ddc
_cBK
999 _c20630
_d20630